000 00304nam a2200121Ia 4500
008 190216s9999||||xx |||||||||||||| ||und||
100 _aVallathol Narayanamenon
245 0 _aSahithya Manjari Vol 4
260 _bPoorna Pubs Kozhikode
_c1991
300 _a150p
650 _aKavithkal
942 _cBK
999 _c24178
_d24178